00390nam a2200145 a 4500008004100000050001600041100001500057245003600072246004400108260000900152350000900161650003500170650002000205700001900225120416s1969 xx |||||||||||||| || u aDT 31.5 Col aGann, L. H10aColonialism in Africa 1870-1960 athe history and politics of colonialism c1969 a0.00 aAFRICA--COLONIALISM--1870-1960 0aAFRICA--HISTORY aDuignan, Peter